Five Countries Closest to the Equator by Continent - Statistics

General Stats
  • This quiz has been taken 274 times
  • The average score is 22 of 32
Answer Stats
Population County % Correct
Europe 36°00'N Spain
86%
Africa D.R. Congo
85%
Europe 35°30'N Italy
85%
Asia Indonesia
84%
South America Brazil
83%
North America 7°11' N Panama
81%
Europe 36°57'N Portugal
81%
Europe 34°49'N Greece
80%
Africa R. of the Congo
80%
South America Ecuador
79%
South America Colombia
77%
Europe 35°47'N Malta
77%
North America 5°31' N Costa Rica
73%
Africa Kenya
73%
South America 00°01'S Peru
73%
South America 00°40'N Venezuela
73%
Asia 0°51' N Malaysia
72%
Oceania 00°52'S Papua New Guinea
67%
Asia 1°09' N Singapore
64%
Africa Uganda
63%
North America 10°43' N Nicaragua
62%
Oceania 02°47'N Palau
62%
North America 10°02' N Trinidad and Tobago
62%
Oceania 0°09′N Kiribati
61%
Oceania 01°01'N F.S. Micronesia
60%
Africa Gabon
59%
Africa Somalia
58%
Oceania 00°30'S Nauru
56%
Asia 04°00'N Brunei
55%
Asia 0°17' S Maldives
50%
Africa São Tomé and Príncipe
43%
North America 11°59' N Grenada
42%
No matching quizzes found
Score Distribution
Percent of People with Each Score
Percentile by Number Answered
Your Score History
You have not taken this quiz